000 00825nam a2200229Ia 4500
001 8589
003 GE_BSU
008 181216s||||||||xx |||||||||||||| ||und||
040 _cGE_BSU
080 _a821.353.1-4
100 _aთორდუა, ვლადიმერ
245 _aდღეების ექო
245 _bნარკვევები, პუბლიცისტიკა
245 _cრედ.: კ.ლოლაძე; მხატვ.: ი.კალაძე.
260 _aთბილისი.
260 _bსაქართველოს კპ ცკ–ს გამ–ბა.
260 _c1963
300 _a170 გვ; 19 სმ.
653 _aდღეების ექო
653 _aნარკვევები, პუბლიცისტიკა
942 _cBK
999 _c41905
_d41905